Mensaje del Consejo Permanente en defensa de los derechos de la lengua catalana
Descripción Física:
10 p.; 24 cm
Materias:
Català -- Aspectes socials
MARC
| LEADER | 00000nam a2200000Ia 4500 | ||
|---|---|---|---|
| 001 | 17499 | ||
| 008 | 160829s1916 xx 000 0 cat d | ||
| 110 | |a Catalunya. |b Mancomunitat. |b Consell Permanent |9 53060 | ||
| 710 | 2 | |a Catalunya. |b Mancomunitat |9 53015 | |
| 952 | |0 0 |1 0 |4 0 |6 3746_EXP_5 |7 1 |9 54370 |a Arxiu |b Arxiu |d 2016-12-01 |l 0 |o 3746, exp. 5 |p 17499 |r 2016-12-01 00:00:00 |w 2016-12-01 |y ARXIU | ||
| 999 | |c 58239 |d 58239 | ||
| 080 | |a 3746, exp. 5 | ||
| 245 | |a Mensaje del Consejo Permanente en defensa de los derechos de la lengua catalana | ||
| 260 | |a Barcelona : |b (Imp. Casa Caritat), |c 1916 | ||
| 300 | |a 10 p.; |c 24 cm | ||
| 590 | |a Hi ha un exemplar en català amb R. 691 a: RF-4-25 | ||
| 650 | 0 | |a Català |x Aspectes socials |9 24616 | |
| 901 | |a Arxiu | ||
| 942 | |n 1 |2 udc | ||